00370nam a22001577a 4500003000400000005001700004008004100021020001800062040000600080082002000086100001600106245003100122260003000153300001100183440001800194OSt20180116183028.0151216b xxu||||| |||| 00| 0 eng d a9780099377603 c0 a813.54 COX 1983 aRichard Cox aThe Ice Raid cRichard Cox aLondonbArrow Booksc1983 a319 p. aThe Ice Raid